Societal Implications of Community-Oriented Policing and Technology (Record no. 52660)
[ view plain ]
| 000 -LEADER | |
|---|---|
| fixed length control field | 01069nam a2200253Ia 4500 |
| 000 - LEADER | |
| fixed length control field | 01716naaa 00373uu |
| 001 - CONTROL NUMBER | |
| control field | https://directory.doabooks.org/handle/20.500.12854/30460 |
| 008 - FIXED-LENGTH DATA ELEMENTS--GENERAL INFORMATION | |
| fixed length control field | 211013s9999 xx 000 0 und d |
| 020 ## - INTERNATIONAL STANDARD BOOK NUMBER | |
| International Standard Book Number | 978-3-319-89297-9 |
| 024 ## - OTHER STANDARD IDENTIFIER | |
| Standard number or code | 10.1007/978-3-319-89297-9 |
| 042 ## - AUTHENTICATION CODE | |
| Authentication code | dc |
| 245 #0 - TITLE STATEMENT | |
| Title | Societal Implications of Community-Oriented Policing and Technology |
| 260 ## - PUBLICATION, DISTRIBUTION, ETC. | |
| Place of publication, distribution, etc. | Cham |
| Name of publisher, distributor, etc. | Springer Nature |
| Date of publication, distribution, etc. | 2018 |
| 520 ## - SUMMARY, ETC. | |
| Summary, etc. | Community-Oriented Policing; Policing and Society; Police Science; Police-Community Relations; Police Legitimacy; Technology and Ethics; Fear of Crime; Crime Detection |
| 540 ## - TERMS GOVERNING USE AND REPRODUCTION NOTE | |
| Terms governing use and reproduction | Creative Commons |
| 653 ## - INDEX TERM--UNCONTROLLED | |
| Uncontrolled term | Community-Oriented Policing |
| 700 1# - ADDED ENTRY--PERSONAL NAME | |
| Personal name | Haberfeld, M. R. |
| 700 1# - ADDED ENTRY--PERSONAL NAME | |
| Personal name | Haberfeld, M. R. |
| 700 1# - ADDED ENTRY--PERSONAL NAME | |
| Personal name | Leventakis, Georgios |
| 700 1# - ADDED ENTRY--PERSONAL NAME | |
| Personal name | Leventakis, Georgios |
| 856 ## - ELECTRONIC LOCATION AND ACCESS | |
| Uniform Resource Identifier | <a href="https://docs.google.com/spreadsheets/d/1yKIrdCPDAG_9c22mwoOIO2DOhtj65Wqa/edit?usp=sharing&ouid=106555315294820607512&rtpof=true&sd=true ">https://docs.google.com/spreadsheets/d/1yKIrdCPDAG_9c22mwoOIO2DOhtj65Wqa/edit?usp=sharing&ouid=106555315294820607512&rtpof=true&sd=true </a> |
| Link text | List of Curated E-Books |
| 942 ## - ADDED ENTRY ELEMENTS (KOHA) | |
| Koha item type | E-Book |
| Withdrawn status | Source of classification or shelving scheme | Damaged status | Not for loan | Home library | Current library | Date acquired | Total Checkouts | Date last seen | Price effective from | Koha item type |
|---|---|---|---|---|---|---|---|---|---|---|
| Library of Congress Classification | Not For Loan | Directory of Open Access Books | Directory of Open Access Books | 12/22/2021 | 12/22/2021 | 12/22/2021 | E-Book |